000 00503nam a2200157Ia 4500
008 230921s9999||||xx |||||||||||||| ||und||
020 _a978-3-319-97337-1
041 _aEN
100 _aHayriye Kayı-Aydar
245 0 _aPositioning Theory in Applied Linguistics
250 _a1st ed. 2019
260 _c2019
_bSpringer International Publishing
856 _uhttps://doi.org/10.1007/978-3-319-97337-1
856 _uhttps://link.springer.com/openurl?genre=book&isbn=978-3-319-97337-1
942 _cEB
999 _c252482
_d252482